000 00817nam a2200241 4500
001 126011
003 ES-MaACL
005 20250911222627.0
007 t|
008 070214s1977 sp r ||||1| spa d
245 0 0 _aWilhelm Reich
_b: orgasmo y orgón /
_cE. Haro Tecglen... [et al.] ; edición preparada por V. Zalbidea ; traducciones de J. L. Castillejo.
260 _aMadrid :
_bTropos,
_c1977.
300 _a182 p. :
_bil. ;
_c22 cm.
490 1 _aTropos ;
_v9
500 _aIncluye tres textos inéditos de Wilhelm Reich.
700 1 _aHaro Tecglen, Eduardo,
_d1924-2005
_961879
700 1 _aReich, Wilhelm.
_995949
700 1 _aZalbidea, V.
_9117872
700 1 _aCastillejo, J. L.
_936661
830 0 _aTropos ;
_v9
_9219089
852 _aES-MaACL
_jE-4250
_bR.96321
999 _c126011
_d126011